000 01332nam a2200349Ia 4500
001 ebr10041641
003 CaPaEBR
006 m u
007 cr cn|||||||||
008 010806s2002 enk sb 001 0 eng d
015 _aGBA1-W2497
020 _z0333779223(cased)
020 _z0333779231(pbk.)
040 _aCaPaEBR
_cCaPaEBR
035 _a(OCoLC)228045968
050 1 4 _aHQ799.8.G7
_bF767 2002eb
082 0 4 _a305.23508351
_221
100 1 _aFrosh, Stephen.
245 1 0 _aYoung masculinities
_h[electronic resource] :
_bunderstanding boys in contemporary society /
_cStephen Frosh, Ann Phoenix and Rob Pattman.
260 _aBasingstoke :
_bPalgrave,
_c2002.
300 _aviii, 291 p.
504 _aIncludes bibliographical references and index.
533 _aElectronic reproduction.
_bPalo Alto, Calif. :
_cebrary,
_d2009.
_nAvailable via World Wide Web.
_nAccess may be limited to ebrary affiliated libraries.
650 0 _aYoung men
_zGreat Britain.
650 0 _aTeenage boys
_zGreat Britain.
650 0 _aMasculinity
_zGreat Britain.
655 7 _aElectronic books.
_2local
700 1 _aPhoenix, Ann.
700 1 _aPattman, Rob.
710 2 _aebrary, Inc.
856 4 0 _uhttp://site.ebrary.com/lib/rucke/Doc?id=10041641
_zAn electronic book accessible through the World Wide Web; click to view
999 _c168455
_d168455